Les 20 villes les plus peuplées du Lozère (48) - Statistiques

Statistiques générales
  • Ce quiz a été pris 40 fois
  • Le résultat moyen est 7 sur 20
Statistiques - réponses
HINT HINT ANSWER % Correct
12 322 M Mende
100%
4 752 M Marvejols
83%
2 860 L Langogne
73%
4 025 S Saint-Chély-d'Apcher
73%
2 095 L La Canourgue
63%
2 111 F Florac Trois Rivières
60%
1 421 C Chanac
53%
2 304 P Peyre en Aubrac
50%
1 378 S Saint-Alban-sur-Limagnole
33%
960 B Badaroux
27%
2 077 B Bourgs sur Colagne
20%
897 I Ispagnac
20%
1 107 M Mont Lozère et Goulet
17%
932 C Chastel-Nouvel
13%
901 G Gorges du Tarn Causses
13%
1 168 M Montrodat
13%
1 209 M Monts-de-Randon
13%
1 069 B Banassac-Canilhac
7%
936 M Massegros Causses Gorges
7%
860 S Saint-Germain-du-Teil
7%
Aucun quiz correspondant
Distribution des résultats
% des personnes avec chaque résultat
Percentile par nombre de réponses
Votre historique - résultats
Vous n’avez pas pris ce quiz